Statistics for Countries Closest to Christmas Island

Click here to take the quiz!

General Stats

  • This quiz has been taken 85 times
  • The average score is 15 of 20

Answer Stats

kmAnswermi% Correct
2323India1443
95%
3540China2196
94%
352Indonesia219
94%
2708Laos1682
88%
1848Thailand1148
88%
3247Sri Lanka2017
86%
2275Cambodia1414
85%
3758Bangladesh2335
84%
1319Malaysia819
84%
2111Vietnam1312
84%
2399Myanmar1490
83%
1305Singapore810
83%
2276Philippines1414
80%
3956Taiwan2458
76%
1890Brunei1174
75%
3740Maldives2324
75%
2024East Timor1257
74%
3882Papua New Guinea2412
73%
3738Hong Kong2323
26%
3728Macau2316
24%

Score Distribution

Percentile by Number Answered

Percent of People with Each Score

Your Score History

You have not taken this quiz